000
00245 a2200097 4500
001
53010
100
_a
Shakespear
245
_a
Dictionary Urdu - English & English - Urdu
260
_a
Lahore
_b
Sang-e-Meel Publications
_c
090
_c
33329
_d
33329
942
_a
NUST-CAE
_c
M
_c
25924
999
_c
288083
_d
288083